|
|
|
|
| LEADER |
02894nam a22005535i 4500 |
| 001 |
978-3-642-19718-5 |
| 003 |
DE-He213 |
| 005 |
20170112101145.0 |
| 007 |
cr nn 008mamaa |
| 008 |
110314s2011 gw | s |||| 0|eng d |
| 020 |
|
|
|a 9783642197185
|9 978-3-642-19718-5
|
| 024 |
7 |
|
|a 10.1007/978-3-642-19718-5
|2 doi
|
| 040 |
|
|
|d GrThAP
|
| 050 |
|
4 |
|a QA76.758
|
| 072 |
|
7 |
|a UMZ
|2 bicssc
|
| 072 |
|
7 |
|a COM051230
|2 bisacsh
|
| 082 |
0 |
4 |
|a 005.1
|2 23
|
| 245 |
1 |
0 |
|a Programming Languages and Systems
|h [electronic resource] :
|b 20th European Symposium on Programming, ESOP 2011, Held as Part of the Joint European Conferences on Theory and Practice of Software, ETAPS 2011, Saarbrücken, Germany, March 26–April 3, 2011. Proceedings /
|c edited by Gilles Barthe.
|
| 264 |
|
1 |
|a Berlin, Heidelberg :
|b Springer Berlin Heidelberg :
|b Imprint: Springer,
|c 2011.
|
| 300 |
|
|
|a XIV, 501 p. 123 illus., 14 illus. in color.
|b online resource.
|
| 336 |
|
|
|a text
|b txt
|2 rdacontent
|
| 337 |
|
|
|a computer
|b c
|2 rdamedia
|
| 338 |
|
|
|a online resource
|b cr
|2 rdacarrier
|
| 347 |
|
|
|a text file
|b PDF
|2 rda
|
| 490 |
1 |
|
|a Lecture Notes in Computer Science,
|x 0302-9743 ;
|v 6602
|
| 520 |
|
|
|a This book constitutes the refereed proceedings of the 20th European Symposium on Programming, ESOP 2011, held in Saarbrücken, Germany, March 30—April 1, 2011, as part of ETAPS 2011, the European Joint Conferences on Theory and Practice of Software. The 24 revised full papers presented together with one full length invited talk were carefully reviewed and selected from 93 full paper submissions. Papers were invited on all aspects of programming language research including: programming paradigms and styles, methods and tools to write and specify programs and languages, methods and tools for reasoning about programs, methods and tools for implementation, and concurrency and distribution.
|
| 650 |
|
0 |
|a Computer science.
|
| 650 |
|
0 |
|a Computer communication systems.
|
| 650 |
|
0 |
|a Computer programming.
|
| 650 |
|
0 |
|a Software engineering.
|
| 650 |
|
0 |
|a Programming languages (Electronic computers).
|
| 650 |
|
0 |
|a Computer logic.
|
| 650 |
|
0 |
|a Artificial intelligence.
|
| 650 |
1 |
4 |
|a Computer Science.
|
| 650 |
2 |
4 |
|a Software Engineering.
|
| 650 |
2 |
4 |
|a Computer Communication Networks.
|
| 650 |
2 |
4 |
|a Logics and Meanings of Programs.
|
| 650 |
2 |
4 |
|a Programming Techniques.
|
| 650 |
2 |
4 |
|a Programming Languages, Compilers, Interpreters.
|
| 650 |
2 |
4 |
|a Artificial Intelligence (incl. Robotics).
|
| 700 |
1 |
|
|a Barthe, Gilles.
|e editor.
|
| 710 |
2 |
|
|a SpringerLink (Online service)
|
| 773 |
0 |
|
|t Springer eBooks
|
| 776 |
0 |
8 |
|i Printed edition:
|z 9783642197178
|
| 830 |
|
0 |
|a Lecture Notes in Computer Science,
|x 0302-9743 ;
|v 6602
|
| 856 |
4 |
0 |
|u http://dx.doi.org/10.1007/978-3-642-19718-5
|z Full Text via HEAL-Link
|
| 912 |
|
|
|a ZDB-2-SCS
|
| 912 |
|
|
|a ZDB-2-LNC
|
| 950 |
|
|
|a Computer Science (Springer-11645)
|